000 00334nam a22001337a 4500
020 _a0-00-714879-8
082 _a823
_bHAR/S
100 _aHARRISON, EMMA
245 _aMAR-KATE AND ASHLEY
_bSWEET 16 NEVER BEEN KISSED
260 _aNEW YORK
_bPARACHUTE PRESS BOOK
_c2002
300 _a132
650 _aNOVEL
_zUNITED STATES
942 _cBK
999 _c2457
_d2457